Agile machine learning : (Record no. 227199)
[ view plain ]
| 000 -LEADER | |
|---|---|
| fixed length control field | 00736nam a22002177a 4500 |
| 005 - DATE AND TIME OF LATEST TRANSACTION | |
| control field | 20230417112235.0 |
| 008 - FIXED-LENGTH DATA ELEMENTS--GENERAL INFORMATION | |
| fixed length control field | 230417b ||||| |||| 00| 0 eng d |
| 020 ## - INTERNATIONAL STANDARD BOOK NUMBER | |
| International Standard Book Number | 9781484251065 |
| 040 ## - CATALOGING SOURCE | |
| Transcribing agency | AIMIT LIBRARY |
| 082 ## - DEWEY DECIMAL CLASSIFICATION NUMBER | |
| Edition number | 1 |
| Classification number | 005.365 |
| Item number | CARE |
| 100 ## - MAIN ENTRY--PERSONAL NAME | |
| Personal name | Carter, Eric. |
| 9 (RLIN) | 89234 |
| 245 ## - TITLE STATEMENT | |
| Title | Agile machine learning : |
| Remainder of title | effective machine learning inspired by the agile manifesto / |
| Statement of responsibility, etc. | By Eric Carter and Matthew Hurst. |
| 250 ## - EDITION STATEMENT | |
| Edition statement | 1st ed. |
| 260 ## - PUBLICATION, DISTRIBUTION, ETC. | |
| Place of publication, distribution, etc. | New York : |
| Name of publisher, distributor, etc. | Apress , |
| Date of publication, distribution, etc. | 2023. |
| 300 ## - PHYSICAL DESCRIPTION | |
| Extent | xvii,248p.; |
| Other physical details | PB |
| Dimensions | 26.5 cm. |
| 650 ## - SUBJECT ADDED ENTRY--TOPICAL TERM | |
| Topical term or geographic name entry element | Changing requirements |
| 9 (RLIN) | 89251 |
| 650 ## - SUBJECT ADDED ENTRY--TOPICAL TERM | |
| Topical term or geographic name entry element | Continuous delivery |
| 9 (RLIN) | 89252 |
| 650 ## - SUBJECT ADDED ENTRY--TOPICAL TERM | |
| Topical term or geographic name entry element | Aligning with thebusiness |
| 9 (RLIN) | 89253 |
| 700 ## - ADDED ENTRY--PERSONAL NAME | |
| Personal name | Hurst, Matthew. |
| 9 (RLIN) | 89235 |
| 942 ## - ADDED ENTRY ELEMENTS (KOHA) | |
| Source of classification or shelving scheme | Dewey Decimal Classification |
| Koha item type | Book |
| Edition | 1st |
| Call number prefix | 005.365 CARE |
| Withdrawn status | Lost status | Source of classification or shelving scheme | Damaged status | Not for loan | Collection code | Home library | Current library | Date acquired | Source of acquisition | Cost, normal purchase price | Inventory number | Total Checkouts | Full call number | Barcode | Date last seen | Cost, replacement price | Price effective from | Koha item type |
|---|---|---|---|---|---|---|---|---|---|---|---|---|---|---|---|---|---|---|
| Dewey Decimal Classification | MCA | St Aloysius Institute of Management & Information Technology | St Aloysius Institute of Management & Information Technology | 03/20/2023 | Biblios Book Point | 999.00 | Bill no:8480; Bill dt:2023-03-20 | 005.365 CARE | MCA17174 | 05/23/2026 | 799.20 | 04/17/2023 | Book | |||||
| Dewey Decimal Classification | MCA | St Aloysius Institute of Management & Information Technology | St Aloysius Institute of Management & Information Technology | 03/11/2025 | Biblios Book Point | 999.00 | Bill.no:7043; Bill.dt:2025/02/27 | 005.365 CARE | MCA17287 | 05/23/2026 | 799.20 | 03/25/2025 | Book |